Andalusia Region Quiz - Statistics

General Stats
  • This quiz has been taken 33 times
  • The average score is 6 of 10
Answer Stats
Hint Answer % Correct
Second most populated city. Málaga
97%
Capital city Sevilla
90%
The region bordering it that starts with E. Extremadura
77%
Coldest Month of the year there. January
77%
The region bordering it that starts with M. Murcia
74%
Oldest city. Cádiz
68%
The region bordering it that starts with C. Castilla-La Mancha
52%
Main Industry Agriculture
35%
There are 70 ____rings here. Bull
35%
There are over 110 ____ courses. Golf
35%
No matching quizzes found
Score Distribution
Percent of People with Each Score
Percentile by Number Answered
Your Score History
You have not taken this quiz